Mujercitas
Salvato in:
| Autore principale: | |
|---|---|
| Natura: | Libro |
| Lingua: | spagnolo |
| Pubblicazione: |
Ciudad de México
Origen
1991
|
| Serie: | Colección Juvenil Origen
|
| Soggetti: | |
| Tags: |
Aggiungi Tag
Nessun Tag, puoi essere il primo ad aggiungerne!!
|
MARC
| LEADER | 00000nam a2200000 a 4500 | ||
|---|---|---|---|
| 001 | UCW7297 | ||
| 003 | CL-VaPUC | ||
| 008 | 921022e19910000MX |||||||||||||||||spa|d | ||
| 082 | 0 | 4 | |a 813 |b ALC |2 21 |
| 100 | |a Alcott, Louisa May |e autora |9 605187 | ||
| 245 | 1 | 0 | |a Mujercitas |
| 300 | |a 236 p | ||
| 942 | |c BK | ||
| 945 | |d 19921022 00:00:00 | ||
| 260 | |a Ciudad de México |b Origen |c 1991 | ||
| 650 | 0 | |a Novelas estadounidenses |9 265217 | |
| 583 | |a last modification |c 19921022 00:00:00 |k Rodrigo Vera | ||
| 490 | 0 | |a Colección Juvenil Origen | |
| 999 | |c 220100 |d 220098 | ||
| 952 | |0 0 |1 0 |4 0 |6 813_000000000000000_ALC_1991 |7 0 |8 A |9 211890 |a BIBEDU |b BIBEDU |d 2019-11-15 |i 2801221 |l 2 |m 6 |o 813 ALC 1991 |p 2801221 |q 2023-10-02 |r 2020-10-06 |s 2020-10-06 |w 2019-11-15 |y BK |k EDU | ||